L'Université sous M. Ferry / (Record no. 18996)

MARC details
000 -LEADER
fixed length control field 00767cam a2200229 a 4500
001 - CONTROL NUMBER
control field e 10001048
003 - CONTROL NUMBER IDENTIFIER
control field DLC
005 - DATE AND TIME OF LATEST TRANSACTION
control field 20260227111153.0
008 - FIXED-LENGTH DATA ELEMENTS--GENERAL INFORMATION
fixed length control field 990524s1880 fr 000 0 fre c
010 ## - LIBRARY OF CONGRESS CONTROL NUMBER
LC control number e 10001048
040 ## - CATALOGING SOURCE
Original cataloging agency Library, U. S. Bur. of Education
Transcribing agency DLC
Modifying agency DLC
043 ## - GEOGRAPHIC AREA CODE
Geographic area code e-fr---
050 00 - LIBRARY OF CONGRESS CALL NUMBER
Classification number LA691.7
Item number .B68 1880
082 00 - DEWEY DECIMAL CLASSIFICATION NUMBER
Classification number 370/.944
Edition number 21
100 1# - MAIN ENTRY--PERSONAL NAME
Personal name Bouillier, Francisque,
Dates associated with a name 1813-1899.
245 12 - TITLE STATEMENT
Title L'Université sous M. Ferry /
Statement of responsibility, etc. par Francisque Bouillier.
260 ## - PUBLICATION, DISTRIBUTION, ETC.
Place of publication, distribution, etc. Paris :
Name of publisher, distributor, etc. Gaume,
Date of publication, distribution, etc. 1880.
300 ## - PHYSICAL DESCRIPTION
Extent xii, 334 p. ;
Dimensions 19 cm.
500 ## - GENERAL NOTE
General note "Ce volume est composé d'articles qui ont été pub. dans la Revue de France et dans le Moniteur universel."
650 #0 - SUBJECT ADDED ENTRY--TOPICAL TERM
Topical term or geographic name entry element Education
Geographic subdivision France
General subdivision History.
700 1# - ADDED ENTRY--PERSONAL NAME
Personal name Ferry, Jules,
Dates associated with a name 1832-1893.

No items available.

Powered by Koha